KFZ-Kennzeichen der Landkreise - Statistiken

Allgemein
  • Dieses Quiz wurde 47 mal gespielt
  • Das Durchschnittsergebnis liegt bei 32 aus 77
Antwortstatistiken
Abkürzung Bundesland Kreis bzw. Landkreis % Korrekt
RÜG Mecklenburg-Vorpommern Rügen
79%
LIP Nordrhein-Westfalen Lippe
76%
HVL Brandenburg Havelland
74%
AW Rheinland-Pfalz Ahrweiler
68%
ERZ Sachsen Erzgebirgskreis
68%
MÜR Mecklenburg-Vorpommern Müritz
63%
MYK Rheinland-Pfalz Mayen-Koblenz
61%
OHV Brandenburg Oberhavel
61%
UM Brandenburg Uckermark
61%
WW Rheinland-Pfalz Westerwaldkreis
61%
ABI Sachsen-Anhalt Anhalt-Bitterfeld
58%
LRO Mecklenburg-Vorpommern Landkreis Rostock
58%
MTK Hessen Main-Taunus-Kreis
58%
NWM Mecklenburg-Vorpommern Nordwestmecklenburg
58%
OAL Bayern Ostallgäu
58%
V Sachsen Vogtlandkreis
58%
BGL Bayern Berchtesgadener Land
55%
EE Brandenburg Elbe-Elster
55%
KYF Thüringen Kyffhäuserkreis
55%
BAR Brandenburg Barnim
53%
FRI Niedersachsen Friesland
53%
NF Schleswig-Holstein Nordfriesland
53%
RP Rheinland-Pfalz Rhein-Pfalz-Kreis
53%
SÜW Rheinland-Pfalz Südliche Weinstraße
53%
TF Brandenburg Teltow-Fläming
53%
MKK Hessen Main-Kinzig-Kreis
50%
OH Schleswig-Holstein Ostholstein
50%
Sachsen-Anhalt Börde
47%
HZ Sachsen-Anhalt Harz
47%
OA Bayern Oberallgäu
47%
VB Hessen Vogelsbergkreis
47%
JL Sachsen-Anhalt Jerichower Land
45%
NVP Mecklenburg-Vorpommern Nordvorpommern
45%
OVP Mecklenburg-Vorpommern Ostvorpommern
45%
PM Brandenburg Potsdam-Mittelmark
45%
HSK Nordrhein-Westfalen Hochsauerlandkreis
42%
IK Thüringen Ilm-Kreis
42%
LDK Hessen Lahn-Dill-Kreis
42%
PR Brandenburg Prignitz
42%
VG Mecklenburg-Vorpommern Vorpommern-Greifswald
42%
EL Niedersachsen Emsland
39%
LOS Brandenburg Landkreis Oder-Spree
39%
LUP Mecklenburg-Vorpommern Ludwigslust-Parchim
39%
MSP Bayern Main-Spessart
39%
MK Nordrhein-Westfalen Märkischer Kreis
39%
MOL Brandenburg Märkisch-Oderland
39%
EIC Thüringen Eichsfeld
37%
SOK Thüringen Saale-Orla-Kreis
37%
SPN Brandenburg Spree-Neiße
37%
UH Thüringen Unstrut-Hainich-Kreis
37%
VR Mecklenburg-Vorpommern Vorpommern-Rügen
37%
AS Bayern Amberg-Sulzbach
34%
KK Nordrhein-Westfalen Kempen-Krefeld
34%
WAK Thüringen Wartburgkreis
34%
MSE Mecklenburg-Vorpommern Mecklenburgische Seenplatte
32%
OSL Brandenburg Oberspreewald-Lausitz
32%
SLK Sachsen-Anhalt Salzlandkreis
32%
ERH Bayern Erlangen-Höchstadt
29%
HK Niedersachsen Heidekreis
29%
OPR Brandenburg Ostprignitz-Ruppin
29%
AZE Sachsen-Anhalt Anhalt-Zerbst
26%
BK Sachsen-Anhalt Bördekreis
26%
LDS Brandenburg Landkreis Dahme-Spreewald
26%
SHK Thüringen Saale-Holzland-Kreis
26%
MTL Sachsen Muldentalkreis
24%
ML Sachsen-Anhalt Mansfelder Land
21%
MQ Sachsen-Anhalt Merseburg-Querfurt
21%
TO Sachsen Torgau-Oschatz
21%
MSH Sachsen-Anhalt Mansfeld-Südharz
18%
MST Mecklenburg-Vorpommern Mecklenburg-Strelitz
18%
ASZ Sachsen Aue-Schwarzenberg
16%
MEK Sachsen Mittlerer Erzgebirgskreis
16%
OK Sachsen-Anhalt Ohrekreis
16%
UER Mecklenburg-Vorpommern Uecker-Randow
16%
NOL Sachsen Niederschlesischer Oberlausitzkreis
13%
RG Sachsen Riesa-Großenhain
13%
WOS Bayern Wolfstein
8%
Keine übereinstimmenden Quizze gefunden
Verteilung der Resultate
Anzahl Personen mit jedem Resultat
Perzentil nach korrekt beantworteten Fragen
Ihre Resultats-Entwicklung
Sie haben dieses Quiz noch nicht gespielt